Clickable 100-1 Mines Quiz Stats

 Plays Quiz Updated Dec 6, 2016

Support Sporcle.
Go Orange.
Score 0/100 Timer 04:00
128 Plays Today
% Correct
???
99.8%
???
96%
???
94.1%
???
90.8%
???
89.3%
???
87.3%
???
85.7%
???
83.7%
???
82.4%
???
81.3%
???
80.7%
???
79.8%
???
79.3%
???
77.2%
???
76.9%
???
75.8%
???
74.7%
???
73.9%
???
72.9%
???
72%
???
71.9%
???
70.5%
???
69.5%
???
69.5%
???
67.9%
???
67.2%
???
66.7%
???
65.8%
???
65.3%
???
65.2%
???
64.5%
???
63.4%
???
62.8%
???
61.6%
% Correct
???
60.9%
???
59.9%
???
58.9%
???
57.9%
???
57%
???
56%
???
55.7%
???
54.1%
???
53.4%
???
52.3%
???
51.3%
???
50.6%
???
49.6%
???
48.4%
???
47.5%
???
46.6%
???
45.9%
???
44.4%
???
43.7%
???
42.7%
???
41.7%
???
40.8%
???
40.3%
???
39.1%
???
38.3%
???
37.7%
???
37.1%
???
35.6%
???
34.9%
???
33.8%
???
32.9%
???
32.1%
???
31.3%
???
30.6%
% Correct
???
29.8%
???
29%
???
28.5%
???
27.5%
???
26.9%
???
26.3%
???
25.6%
???
25.1%
???
24.6%
???
24.1%
???
23.7%
???
23.2%
???
22.8%
???
22.4%
???
22%
???
21.7%
???
21.1%
???
20.7%
???
20.4%
???
19.9%
???
19.6%
???
19.6%
???
19.3%
???
19.1%
???
18.8%
???
18.4%
???
18%
???
17.7%
???
17.4%
???
17.1%
???
16.8%
???
16.8%

From the Vault

Words Ending in 'AA' to 'AZ'

by Chenchilla

Take a deep breath...Ahaaaa.
Remove Ads.
Support Sporcle.
Get the best of Sporcle when you Go Orange. This ad-free experience offers more features, more stats, and more fun while also helping to support Sporcle. Thank you for becoming a member.

Show Comments

Extras

Top Quizzes Today


Score Distribution

Your Account Isn't Verified!

In order to create a playlist on Sporcle, you need to verify the email address you used during registration. Go to your Sporcle Settings to finish the process.

Report this User

Report this user for behavior that violates our Community Guidelines.

Details: